Islands, islanders and the world : the colonial and post-colonial experience of eastern Fiji

Αποθηκεύτηκε σε:
Λεπτομέρειες βιβλιογραφικής εγγραφής
Κύριος συγγραφέας: Bayliss-Smith, Tim
Μορφή: Βιβλίο
Γλώσσα:English
Δημοσίευση: New York : Cambridge University Press, c1988
Σειρά:Cambridge human geography
Θέματα:
Ετικέτες: Προσθήκη ετικέτας
Δεν υπάρχουν, Καταχωρήστε ετικέτα πρώτοι!

MARC

LEADER 00000nam a2200000 i 4500
001 1/100448
008 000201s1998 eng d
020 |a 0-521-26877-X 
035 |l 10057283 
040 |a GR-MY-UA  |b gre  |e aacr 
041 0 |a eng 
082 0 |a 996 
100 1 |a Bayliss-Smith, Tim. 
245 1 0 |a Islands, islanders and the world :  |b the colonial and post-colonial experience of eastern Fiji /  |c Tim Baylis-Smith ... et. al. 
260 |a New York :   |b Cambridge University Press,   |c c1988 
300 |a 323 p.  |b tabl.; fig. 
490 1 |a Cambridge human geography 
504 |a Includes bibliographical references and index 
651 0 |a Fiji  |x History. 
651 0 |a Fiji  |x Economic conditions. 
830 0 |a Cambridge human geography 
852 |a INST  |b LESVOS  |e 20000201  |h 996 ISL  |p 005100021655  |q 005100021655  |t BK  |y 0 
901 |a BIBL1-2000-1 
909 |a Λ  |b 070410 
922 |a 1ΕΛΗ  |b 199911  |c ΚΠΣ/ΤΓ  |d LEADER 
950 |a 118-1999-09-03 
970 |a ΜΟΥΣΤΑΚΑ  |b ΠΗΝΕΛΟΠΗ  |z 2000/02/10